Deposition of nanosized polymer films by electron-beam dispersion of polytetrafluoroethylene in vacuum on the track membrane surface; Материалы и технологии новых поколений в современном материаловедении

Dades bibliogràfiques
Parent link:Материалы и технологии новых поколений в современном материаловедении.— 2016.— [С. 209-212]
Autor corporatiu: Национальный исследовательский Томский политехнический университет
Altres autors: Dyussembekova А. А., Sokhoreva V. V. Valentina Viktorovna, Yablokov M. YU., Gilman A. B., Orelovitch O. L., Kravets L. I.
Sumari:Заглавие с титульного экрана
Исследованы структурные и электрохимические свойства композитных мембран, образующихся при осаждении на поверхность полипропиленовой трековой мембраны слоя полимера, полученного электронно-лучевым диспергированием политетрафторэтилена в вакууме.
Idioma:anglès
Publicat: 2016
Col·lecció:Перспективные материалы и технологии
Matèries:
Accés en línia:http://earchive.tpu.ru/handle/11683/31013
Format: MixedMaterials Electrònic Capítol de llibre
KOHA link:https://koha.lib.tpu.ru/cgi-bin/koha/opac-detail.pl?biblionumber=619089

MARC

LEADER 00000naa2a2200000 4500
001 619089
005 20250506164152.0
035 |a (RuTPU)RU\TPU\conf\17493 
035 |a RU\TPU\conf\17490 
090 |a 619089 
100 |a 20160804d2016 k y0rusy50 ba 
101 0 |a eng 
102 |a RU 
105 |a y z 101zy 
135 |a drgn ---uucaa 
181 0 |a i  
182 0 |a b 
200 1 |a Deposition of nanosized polymer films by electron-beam dispersion of polytetrafluoroethylene in vacuum on the track membrane surface  |d Осаждение наноразмерных пленок полимера методом электронно-лучевого диспергирования политетрафторэтилена в вакууме на поверхность трековой мембраны  |f А. А. Dyussembekova [et al.] 
203 |a Текст  |c электронный 
225 1 |a Перспективные материалы и технологии 
300 |a Заглавие с титульного экрана 
320 |a [Библиогр.: с. 212 (7 назв.)] 
330 |a Исследованы структурные и электрохимические свойства композитных мембран, образующихся при осаждении на поверхность полипропиленовой трековой мембраны слоя полимера, полученного электронно-лучевым диспергированием политетрафторэтилена в вакууме. 
463 0 |0 (RuTPU)RU\TPU\conf\17108  |t Материалы и технологии новых поколений в современном материаловедении  |o сборник трудов Международной конференции, г. Томск, 9-11 июня 2016 г.  |f Национальный исследовательский Томский политехнический университет (ТПУ) ; Российская академия наук (РАН), Сибирское отделение (СО), Институт физики прочности и материаловедения (ИФПМ)  |v [С. 209-212]  |d 2016 
510 1 |a Осаждение наноразмерных пленок полимера методом электронно-лучевого диспергирования политетрафторэтилена в вакууме на поверхность трековой мембраны  |z rus 
610 1 |a труды учёных ТПУ 
610 1 |a электронный ресурс 
610 1 |a наноразмерные пленки 
610 1 |a полимеры 
610 1 |a электронно-лучевое испарение 
610 1 |a электронно-лучевое диспергирование 
610 1 |a диспергирование 
610 1 |a политетрафторэтилен 
610 1 |a вакуум 
610 1 |a поверхности 
610 1 |a трековые мембраны 
701 1 |a Dyussembekova  |b А. А. 
701 1 |a Sokhoreva  |b V. V.  |c physicist  |c Senior researcher of Tomsk Polytechnic University  |f 1944-  |g Valentina Viktorovna  |3 (RuTPU)RU\TPU\pers\31213  |9 15409 
701 1 |a Yablokov  |b M. YU. 
701 1 |a Gilman  |b A. B. 
701 1 |a Orelovitch  |b O. L. 
701 1 |a Kravets  |b L. I. 
712 0 2 |a Национальный исследовательский Томский политехнический университет  |c (2009- )  |9 26305 
801 2 |a RU  |b 63413507  |c 20160826  |g RCR 
850 |a 63413507 
856 4 |u http://earchive.tpu.ru/handle/11683/31013 
942 |c BK